|
|
|
|
| LEADER |
00000cam a2200000 a 4500 |
| 001 |
56740 |
| 005 |
20230308162007.0 |
| 008 |
973060|1965 ||||||||r|||||||||||spa|| |
| 040 |
|
|
|b spa
|
| 041 |
1 |
|
|a spa
|
| 082 |
0 |
|
|a 370.19
|
| 100 |
1 |
|
|a Ottaway, A. K. C.
|9 30917
|
| 245 |
|
|
|a Educación y sociedad: introducción a la sociología de la educación
|c A. K. C. Ottaway
|h imp
|
| 264 |
|
|
|a Buenos Aires
|b iKapelusz
|c 1965
|
| 300 |
|
|
|a 231 páginas:
|b ilu
|c 20 cm
|
| 490 |
|
|
|a Biblioteca de Cultura Pedagógica
|
| 500 |
|
|
|a PDF, contiene índice e introducción
|
| 504 |
|
|
|a incl. ref.
|
| 653 |
|
|
|a EDUCACION
|
| 650 |
|
0 |
|a Cultura
|9 146
|
| 650 |
|
|
|a Sociedad de masas
|9 8970
|
| 650 |
|
|
|a Educacion de masas
|9 22923
|
| 650 |
|
0 |
|a Interacción social
|9 9059
|
| 650 |
|
|
|a Unidad social
|9 30918
|
| 650 |
|
|
|a Comportamiento humano
|9 30919
|
| 852 |
|
|
|a UC-CDJBV
|c ESTANTERIA CERRADA
|f Compra
|k lucia.mora
|l 1
|m General
|p 19730601
|q 60.00
|r 2
|t 56740
|b 0
|d CDRC
|e CDRC
|g 370.19 ESTANTERIA CERRADA
|u http://nas.ucuenca.edu.ec/BibliotecaDigital/ebooks/librosyrev/56740.pdf
|z 1973-30-60
|
| 856 |
|
|
|u http://nas.ucuenca.edu.ec/BibliotecaDigital/ebooks/librosyrev/56740.pdf
|
| 942 |
|
|
|c BK
|
| 999 |
|
|
|c 16492
|d 16492
|